书目信息 |
| 题名: |
中国节水农业发展战略研究与实践
|
|
| 作者: | ;中国农村技术开发中心 , 中华人民共和国科学技术部农村与社会发展司 | |
| 分册: | ||
| 出版信息: | 北京 中国农业科学技术出版社 2006 |
|
| 页数: | 649 | |
| 开本: | 29cm | |
| 丛书名: | ||
| 单 册: | ||
| 中图分类: | S25 | |
| 科图分类: | ||
| 主题词: | 航空--应用--农业 | |
| 电子资源: | ||
| ISBN: | 7-80167-886-9 | |
| 000 | 00908nam0 2200193 450 | |
| 001 | 0736775523 | |
| 005 | 20070929101255.51 | |
| 010 | @a7-80167-886-9@d¥100.00 | |
| 100 | @a20070929d km y0chiy0120 ea | |
| 101 | 0 | @achi |
| 200 | 1 | @a中国节水农业发展战略研究与实践@Azhong guo jie shui nong ye fa zhan zhan lue yan jiu yu shi jian@f中华人民共和国科学技术部农村与社会发展司,中国农村技术开发中心@Fzhong hua ren min gong he guo ke xue ji shu bu nong cun yu she hui fa zhan si,zhong guo nong cun ji shu kai fa zhong xin |
| 210 | @a北京@c中国农业科学技术出版社@d2006 | |
| 215 | @a649@d29cm | |
| 606 | 0 | @a航空@x应用@x农业 |
| 690 | @aS25@v3 | |
| 711 | 02 | @a中国农村技术开发中心@Azhong guo nong cun ji shu kai fa zhong xin |
| 711 | 02 | @a中华人民共和国科学技术部农村与社会发展司@Azhong hua ren min gong he guo ke xue ji shu bu nong cun yu she hui fa zhan si |
| 801 | 0 | @aCN@bPFT@c20070929 |
| 905 | @a213230@dS25@en1@f1 | |
| 中国节水农业发展战略研究与实践/中华人民共和国科学技术部农村与社会发展司,中国农村技术开发中心.-北京:中国农业科学技术出版社,2006 |
| 649;29cm |
| ISBN 7-80167-886-9:¥100.00 |
| ● |
| 相关链接 |
|
|
|
|
正题名:中国节水农业发展战略研究与实践
索取号:S25/n1
 
预约/预借
| 序号 | 登录号 | 条形码 | 馆藏地/架位号 | 状态 | 备注 |
| 1 | 6602524 | 266025259 | 密集书库-生命科学系/ [索取号:S25/n1] | 在馆 |